| 000 | 00324nam a2200121Ia 4500 | ||
|---|---|---|---|
| 008 | 190216s9999||||xx |||||||||||||| ||und|| | ||
| 100 | _aElias M Awad | ||
| 245 | 0 | _aSystem Analysis And Design | |
| 260 |
_bGalgotia Publication Pvt Ltf _c1993 |
||
| 300 | _a522p | ||
| 650 | _a"Computer Programming. Programs, Data" | ||
| 942 | _cBK | ||
| 999 |
_c8376 _d8376 |
||